Acquisti più costosi - Bundesliga - Statistics

Statistiche generali
  • Questo quiz è stato fatto 33 volte
  • Il punteggio medio è 13 su 18
Statistiche sulle risposte
Costo (M €) Da A Nazione Anno Calciatore % Corretto
67 Juventus Bayern Monaco Paesi Bassi 2022 Matthijs De Ligt
93%
35 Borussia Dortmund Bayern Monaco Germania 2016 Mats Hummels
90%
30,50 Bayern Monaco Borussia Dortmund Germania 2019 Mats Hummels
90%
49 Manchester City Bayern Monaco Germania 2020 Leroy Sané
87%
80 Atletico Madrid Bayern Monaco Francia 2019 Lucas Hernández
87%
32 Liverpool Bayern Monaco Senegal 2022 Sadio Mané
87%
39,25 Juventus Bayern Monaco Cile 2015 Arturo Vidal
80%
35 Stoccarda Bayern Monaco Francia 2019 Benjamin Pavard
80%
42,50 Red Bull Lipsia Bayern Monaco Francia 2021 Dayot Upamecano
80%
31 Ajax Borussia Dortmund Francia/Costa d'Avorio 2022 Sébastien Haller
80%
37 Borussia Dortmund Bayern Monaco Germania 2013 Mario Götze
73%
35 Rennes Borussia Dortmund Francia 2016 Ousmane Dembelé
67%
43 Schalke 04 Wolfsburg Germania 2015 Julian Draxler
63%
40 Athletic Bilbao Bayern Monaco Spagna 2012 Javi Martinez
60%
35 Benfica Bayern Monaco Portogallo 2016 Renato Sanches
57%
41,50 Olympique Lione Bayern Monaco Francia 2017 Corentin Tolisso
53%
32 Chelsea Wolfsburg Germania 2015 André Schürrle
37%
32 Hoffenheim Bayer Leverkusen Turchia/Germania 2019 Karem Demirbay
23%
Nessun quiz corrispondente trovato
Distribuzione punteggi
Percentuale di utenti per punteggio
Percentile per numero di risposta
I tuoi punteggi nel tempo
Non hai fatto questo quiz